| 000 | 00645nam a2200193 i 4500 | ||
|---|---|---|---|
| 001 | 94913 | ||
| 003 | ES-MaACL | ||
| 005 | 20230906181601.0 | ||
| 007 | t| | ||
| 008 | 050517s1908 fr ||||1| fre d | ||
| 100 | 1 |
_aLucius, Ernest. _974596 |
|
| 245 | 1 | 4 |
_aLes origines du culte des Saints dans l'Eglise Chrétienne / _cpar Ernest Lucius; public (en Allemand) par Gustave Anrich; traduit por E. Jeanmaire; preface de P. Lobstein. |
| 260 |
_aParis : _b[s.n.], _c1908. |
||
| 300 |
_aXV, 708 p. ; _c26 cm. |
||
| 700 | 1 |
_aAnrich, Gustave. _921821 |
|
| 700 | 1 |
_aJeanmaire, E. _966243 |
|
| 700 | 1 |
_aLobstein, P. _973034 |
|
| 852 |
_aES-MaACL _jF-9395 |
||
| 999 |
_c94913 _d94913 |
||